000 00870cam a2200277 i 4500
001 1781777
003 ARRUPE
005 20150911090053.0
008 771122s1977 ne b 000 0 eng
010 _a 77374269
015 _aNe***
020 _a9024719224
040 _aDLC
_cDLC
_dDLC
050 0 0 _aB829.5
_b.I47
082 0 0 _a142/.7
245 0 0 _aInterdisciplinary phenomenology /
_cedited by Don Ihde and Richard M. Zaner.
260 _aThe Hague :
_bM. Nijhoff,
_c1977.
300 _a187 p. ;
_c21 cm.
440 0 _aSelected studies in phenomenology and existential philosophy ;
_v6
_919402
504 _aIncludes bibliographical references.
650 0 _aPhenomenology.
_919403
700 1 _aIhde, Don,
_d1934-
_99081
_eed.
700 1 _aZaner, Richard M.
_914567
_eed.
906 _a7
_bcbc
_corignew
_d3
_encip
_f19
_gy-gencatlg
942 _2lcc
_cMONOGRAPH
999 _c123265
_d123265